00298nam a22000977a 4500003000400000082001900004100005000023245003300073260008600106300000800192SGT a891.4309bS91R aरामतीर्थ, स्वामी  aसनातम धर्म b स्वामी रामतीर्थ प्रतिष्ठानc1991 a182